Spory o stroenii︠a︡kh, prinadlezhashchikh grazhdanam na prave lichnoĭ sobstvennosti /

Споры о строениях, принадлежащих гражданам на праве личной собственности /
Bibliographic Details
Main Author: Gazii︠a︡nt︠s︡, L. I.
Corporate Author: Russian S.F.S.R. Ministerstvo i︠u︡stit︠s︡ii
Format: Book
Language:Russian
Published: Moskva : Gos. izd-vo i︠u︡rid. lit-ry, 1960.
Subjects:

MARC

Tag First Indicator Second Indicator Subfields
LEADER 00000cam a2200000Ma 4500
001 in00002267708
005 20151105092201.0
008 911014s1960 ru b 000 0 rus d
035 |a (OCoLC)ocm25022085 
035 |a (OCoLC)25022085 
040 |a ZCL  |c ZCL  |d TXA  |d UtOrBLW 
043 |a e-ur--- 
049 |a TXAM 
050 4 |a KLA683  |b .G39 1960 
100 1 |6 880-01  |a Gazii︠a︡nt︠s︡, L. I. 
245 1 0 |6 880-02  |a Spory o stroenii︠a︡kh, prinadlezhashchikh grazhdanam na prave lichnoĭ sobstvennosti /  |c L.I. Gazii︠a︡nt︠s︡. 
264 1 |6 880-03  |a Moskva :  |b Gos. izd-vo i︠u︡rid. lit-ry,  |c 1960. 
300 |a 109 pages ;  |c 20 cm. 
336 |a text  |b txt  |2 rdacontent 
337 |a unmediated  |b n  |2 rdamedia 
338 |a volume  |b nc  |2 rdacarrier 
500 |6 880-04  |a At head of title: Ministerstvo i︠u︡stit︠s︡ii RSFSR. 
504 |a Includes bibliographical references. 
536 |a Given to the Library by Dr. Donald Barry Lehigh University March 2000. 
650 0 |a Real property  |z Soviet Union. 
710 1 |a Russian S.F.S.R.  |b Ministerstvo i︠u︡stit︠s︡ii. 
880 1 |6 100-01  |a Газиянц, Л. И. 
880 1 0 |6 245-02  |a Споры о строениях, принадлежащих гражданам на праве личной собственности /  |c Л.И. Газиянц. 
880 |6 264-03  |a Москва :  |b Гос. изд-во юрид. лит-ры,  |c 1960. 
880 |6 500-04  |a At head of title: Министерство юстиции РСФСР. 
948 |a cataloged  |b h  |c 2007/8/2  |d c  |e tchubaryan  |f 5:38:39 pm 
994 |a C0  |b TXA 
999 |a MARS 
999 f f |s e3c728d4-e99f-3099-8fc4-b3d0fb6f3ff6  |i 255efeae-cec0-3de9-8d03-e0197f760d74  |t 0 
952 f f |p ric  |a Texas A&M University  |b Rellis Campus  |c Joint Library Facility  |d Remote Storage  |t 0  |e KLA683 .G39 1960  |h Library of Congress classification  |i unmediated -- volume  |m A14833053940 
998 f f |a KLA683 .G39 1960  |t 0  |l Remote Storage